[Event "Aragon-chT Honor Descenso"]
[Site "Aragon"]
[Date "2023.03.18"]
[Round "8.25"]
[White "Barranco Mananet, Fernando"]
[Black "Luis Vitalla, Fernando Maria"]
[Result "1/2-1/2"]
[WhiteElo "2005"]
[BlackElo "2097"]
[PlyCount "41"]
[EventDate "2023.03.18"]
[EventType "team-tourn"]
[EventRounds "10"]
[EventCountry "ESP"]
[SourceTitle "EXT 2024"]
[Source "ChessBase"]
[SourceDate "2023.10.10"]
[SourceVersion "1"]
[SourceVersionDate "2023.10.10"]
[SourceQuality "1"]
[WhiteTeam "Monzon"]
[BlackTeam "Huesca Club Atletismo"]
[WhiteTeamCountry "ESP"]
[BlackTeamCountry "ESP"]

1. e4 c5 2. Nf3 Nf6 3. Nc3 d5 4. Bb5+ Bd7 5. Bxd7+ Qxd7 6. exd5 Nxd5 7. 0-0 Nc6 8. Ne4 e6 9. c3 Be7 10. d4 cxd4 11. Nxd4 0-0 12. Qa4 Nb6 13. Qd1 Nxd4 14. Qxd4 Qxd4 15. cxd4 Rfd8 16. Be3 Nd5 17. Rac1 Rac8 18. a3 b6 19. Rxc8 Rxc8 20. Rc1 Rxc1+ 21. Bxc1 1/2-1/2

[Event "Aragon-chT Honor Gr-II"]
[Site "Aragon"]
[Date "2020.02.22"]
[Round "5.30"]
[White "Arrieta Restrepo, Steven"]
[Black "Luis Vitalla, Fernando Maria"]
[Result "0-1"]
[WhiteElo "2051"]
[BlackElo "2115"]
[PlyCount "74"]
[EventDate "2020.01.25"]
[EventType "team-tourn"]
[EventRounds "7"]
[EventCountry "ESP"]
[SourceTitle "EXT 2022"]
[Source "ChessBase"]
[SourceDate "2021.10.06"]
[SourceVersion "1"]
[SourceVersionDate "2021.10.06"]
[SourceQuality "1"]
[WhiteTeam "Monzon"]
[BlackTeam "Huesca Club Atletismo"]
[WhiteTeamCountry "ESP"]
[BlackTeamCountry "ESP"]

1. e4 e5 2. Nf3 Nc6 3. d4 exd4 4. Nxd4 Nf6 5. Nxc6 bxc6 6. e5 Qe7 7. Qe2 Nd5 8. c4 Ba6 9. b3 g5 10. g3 Bg7 11. Bb2 0-0-0 12. Bg2 Rde8 13. 0-0 h5 14. Re1 h4 15. Qd2 Nb6 16. Qa5 Kb7 17. Nc3 hxg3 18. hxg3 f5 19. exf6 Qxe1+ 20. Rxe1 Rxe1+ 21. Bf1 Bf8 22. Kg2 d5 23. Nb5 Rb1 24. Nxc7 Bxc4 25. bxc4 Rxb2 26. Ne6 Bb4 27. Nc5+ Ka8 28. Qa6 Bxc5 29. Kf3 Rxf2+ 30. Kg4 Rxf1 31. cxd5 Rxf6 32. dxc6 Rxc6 33. Qb5 Rhc8 34. Kxg5 Bd6 35. Kg6 Bxg3+ 36. Kf7 R8c7+ 37. Ke8 Bd6 0-1

[Event "Aragon-chT Honor Gr-A"]
[Site "Aragon"]
[Date "2019.02.16"]
[Round "4.30"]
[White "Luis Vitalla, Fernando Maria"]
[Black "Garcia Vicente, Nieves"]
[Result "1-0"]
[WhiteElo "2113"]
[BlackElo "2189"]
[PlyCount "77"]
[EventDate "2019.01.26"]
[EventType "team-tourn"]
[EventRounds "7"]
[EventCountry "ESP"]
[SourceTitle "EXT 2020"]
[Source "ChessBase"]
[SourceDate "2019.10.17"]
[SourceVersion "1"]
[SourceVersionDate "2019.10.17"]
[SourceQuality "1"]
[WhiteTeam "Huesca Club Atletismo"]
[BlackTeam "Enroque"]
[WhiteTeamCountry "ESP"]
[BlackTeamCountry "ESP"]

1. c4 Nf6 2. Nf3 e6 3. Nc3 d5 4. e3 c5 5. b3 Nc6 6. cxd5 exd5 7. d4 cxd4 8. Nxd4 Bb4 9. Bb2 0-0 10. Nxc6 bxc6 11. Bd3 d4 12. exd4 Nd5 13. Rc1 Re8+ 14. Kf1 Nf4 15. Bc4 Qg5 16. Qf3 Bg4 17. Qxc6 Rac8 18. h4 Qf5 19. Qb5 Qg6 20. Qg5 Bxc3 21. Qxg6 hxg6 22. Rxc3 Ne2 23. Rc2 Nf4 24. g3 Bf3 25. Rh2 Nd5 26. Rd2 Rc7 27. Bxd5 Bxd5 28. Ba3 Rc6 29. f4 Re3 30. Rde2 Rxg3 31. Bc5 Rf6 32. Ref2 a5 33. Ke2 Re6+ 34. Kf1 Re4 35. h5 Rge3 36. Re2 Rxf4+ 37. Ke1 Rc3 38. hxg6 fxg6 39. Re8+ 1-0

[Event "Aragon-chT Honor Gr-A"]
[Site "Aragon"]
[Date "2019.02.09"]
[Round "3.31"]
[White "Luis Vitalla, Fernando Maria"]
[Black "Castillo Sanjuan, Alejandro"]
[Result "1/2-1/2"]
[WhiteElo "2113"]
[BlackElo "2079"]
[PlyCount "147"]
[EventDate "2019.01.26"]
[EventType "team-tourn"]
[EventRounds "7"]
[EventCountry "ESP"]
[SourceTitle "EXT 2020"]
[Source "ChessBase"]
[SourceDate "2019.10.17"]
[SourceVersion "1"]
[SourceVersionDate "2019.10.17"]
[SourceQuality "1"]
[WhiteTeam "Huesca Club Atletismo"]
[BlackTeam "Palacio de Pioneros II"]
[WhiteTeamCountry "ESP"]
[BlackTeamCountry "ESP"]

1. g3 d5 2. Nf3 Nf6 3. Bg2 e6 4. 0-0 Be7 5. d3 0-0 6. Nbd2 c5 7. e4 Nc6 8. Re1 b6 9. e5 Nd7 10. Nf1 Qc7 11. Qe2 Bb7 12. h4 Rfd8 13. Bf4 c4 14. d4 c3 15. bxc3 Na5 16. Qd3 Rac8 17. Bd2 Nc4 18. Bg5 Bxg5 19. Nxg5 Nf8 20. Rab1 Na5 21. Re3 Qc4 22. Qxc4 Rxc4 23. Nd2 Ra4 24. Rb2 Rc8 25. Bf1 Nc4 26. Nxc4 dxc4 27. Bg2 Bxg2 28. Kxg2 Ng6 29. Rf3 Rc7 30. h5 Nf8 31. Ne4 Nd7 32. Nd6 Nb8 33. Kf1 Nc6 34. Ke2 Rd7 35. Ne4 Rd5 36. g4 h6 37. Rf4 Rda5 38. Nd6 Nd8 39. Kd2 Kf8 40. Rb4 b5 41. Rxb5 Rxb5 42. Nxb5 Rxa2 43. Nd6 Ra4 44. Kc1 Ke7 45. Kb2 f6 46. exf6+ gxf6 47. Ne4 f5 48. gxf5 Ra5 49. f6+ Kf8 50. Nc5 Kf7 51. Kc1 Rb5 52. Ne4 Nb7 53. Rg4 a5 54. Rg7+ Kf8 55. Rc7 Nd8 56. Rxc4 Rxh5 57. Rc8 Rd5 58. Rc5 Rxc5 59. Nxc5 Kf7 60. Ne4 Kg6 61. c4 h5 62. Ng3 h4 63. Ne4 Kf5 64. f3 h3 65. c5 h2 66. Nf2 Kg6 67. c4 Kf7 68. d5 exd5 69. cxd5 Ke8 70. Kb2 Nf7 71. f4 Nh6 72. Ka3 Ng4 73. Nh1 Nxf6 74. Ka4 1/2-1/2

[Event "Aragon-chT Honor Gr-A"]
[Site "Aragon"]
[Date "2019.01.26"]
[Round "1.14"]
[White "Luis Vitalla, Fernando Maria"]
[Black "Lacruz Algarate, Alvaro"]
[Result "0-1"]
[WhiteElo "2113"]
[BlackElo "2144"]
[PlyCount "86"]
[EventDate "2019.01.26"]
[EventType "team-tourn"]
[EventRounds "7"]
[EventCountry "ESP"]
[SourceTitle "EXT 2020"]
[Source "ChessBase"]
[SourceDate "2019.10.17"]
[SourceVersion "1"]
[SourceVersionDate "2019.10.17"]
[SourceQuality "1"]
[WhiteTeam "Huesca Club Atletismo"]
[BlackTeam "Agrupacion"]
[WhiteTeamCountry "ESP"]
[BlackTeamCountry "ESP"]

1. g3 Nf6 2. Bg2 e6 3. Nf3 b6 4. d3 Bb7 5. 0-0 Be7 6. c4 0-0 7. b3 c5 8. Bb2 d6 9. Nbd2 Nc6 10. a3 Qc7 11. Qc2 Nd7 12. d4 cxd4 13. Nxd4 Nxd4 14. Bxd4 Bxg2 15. Kxg2 d5 16. Qb2 e5 17. Bc3 d4 18. Bb4 Nf6 19. Nf3 Rfd8 20. Rfd1 Rac8 21. Rac1 Ne4 22. Bxe7 Qxe7 23. Nd2 Qb7 24. Nxe4 Qxe4+ 25. Kg1 h5 26. Qc2 Qg4 27. f3 Qg5 28. Qe4 Rd6 29. e3 Rcd8 30. c5 bxc5 31. Rxc5 Qxe3+ 32. Qxe3 dxe3 33. Rxd6 Rxd6 34. Rxe5 Rd3 35. Kf1 Rxb3 36. Ra5 Rb2 37. Rxh5 f6 38. h4 Rf2+ 39. Ke1 Rxf3 40. g4 Rf4 41. g5 Rf5 42. Ke2 Ra5 43. a4 Re5 0-1

[Event "Aragon-chT Honor Descenso"]
[Site "Aragon"]
[Date "2018.04.07"]
[Round "10.11"]
[White "Luis Vitalla, Fernando Maria"]
[Black "Martin Catalan, Juan Vicente"]
[Result "1/2-1/2"]
[WhiteElo "2116"]
[BlackElo "2055"]
[PlyCount "54"]
[EventDate "2018.03.17"]
[EventType "team-tourn"]
[EventRounds "10"]
[EventCountry "ESP"]
[SourceTitle "EXT 2019"]
[Source "ChessBase"]
[SourceDate "2018.10.10"]
[SourceVersion "1"]
[SourceVersionDate "2018.10.10"]
[SourceQuality "1"]
[WhiteTeam "Huesca Club Atletismo"]
[BlackTeam "Teruel"]
[WhiteTeamCountry "ESP"]
[BlackTeamCountry "ESP"]

1. d4 Nf6 2. c4 e5 3. dxe5 Ng4 4. Bf4 Nc6 5. Nf3 Bb4+ 6. Nbd2 Qe7 7. a3 Ngxe5 8. Nxe5 Nxe5 9. e3 Bxd2+ 10. Qxd2 d6 11. Be2 0-0 12. 0-0 Re8 13. Rac1 a5 14. c5 dxc5 15. Qd5 c4 16. Rfd1 Ng6 17. Bg3 c6 18. Qxc4 Be6 19. Qc5 Qxc5 20. Rxc5 Red8 21. Bc7 Rxd1+ 22. Bxd1 a4 23. Ra5 Rxa5 24. Bxa5 b5 25. Be2 Ne5 26. f4 Nc4 27. Bxc4 Bxc4 1/2-1/2

[Event "Aragon-chT Honor Gr I"]
[Site "Aragon"]
[Date "2018.02.03"]
[Round "2.7"]
[White "Luis Vitalla, Fernando Maria"]
[Black "Navarro Alonso, Jorge Luis"]
[Result "1/2-1/2"]
[WhiteElo "2116"]
[BlackElo "2190"]
[PlyCount "50"]
[EventDate "2018.01.27"]
[EventType "team-tourn"]
[EventRounds "7"]
[EventCountry "ESP"]
[SourceTitle "EXT 2019"]
[Source "ChessBase"]
[SourceDate "2018.10.10"]
[SourceVersion "1"]
[SourceVersionDate "2018.10.10"]
[SourceQuality "1"]
[WhiteTeam "Huesca Club Atletismo"]
[BlackTeam "Helios"]
[WhiteTeamCountry "ESP"]
[BlackTeamCountry "ESP"]

1. d4 d5 2. c4 e6 3. Nc3 c5 4. cxd5 cxd4 5. Qa4+ Bd7 6. Qxd4 exd5 7. Nf3 Nc6 8. Qd1 Be6 9. Bg5 f6 10. Be3 Bb4 11. Nd4 Qd7 12. Qb3 Nge7 13. Nxe6 Qxe6 14. a3 Bxc3+ 15. bxc3 0-0 16. g3 Na5 17. Qc2 Rac8 18. Bg2 Rfd8 19. Bd4 Nec6 20. Rd1 Nxd4 21. Rxd4 Nc6 22. Rh4 g6 23. 0-0 d4 24. cxd4 Nxd4 25. Qe4 Nxe2+ 1/2-1/2

[Event "Aragon-chT Honor Descenso"]
[Site "Aragon"]
[Date "2015.03.28"]
[Round "10.14"]
[White "Garcia Vicente, Nieves"]
[Black "Luis Vitalla, Fernando Maria"]
[Result "1/2-1/2"]
[WhiteElo "2171"]
[BlackElo "2143"]
[PlyCount "68"]
[EventDate "2015.02.21"]
[EventType "team-tourn"]
[EventRounds "10"]
[EventCountry "ESP"]
[SourceTitle "EXT 2017"]
[Source "ChessBase"]
[SourceDate "2016.10.25"]
[SourceVersion "1"]
[SourceVersionDate "2016.10.25"]
[SourceQuality "1"]
[WhiteTeam "Caissa"]
[BlackTeam "Huesca Club Atletismo"]
[WhiteTeamCountry "ESP"]
[BlackTeamCountry "ESP"]

1. d4 d5 2. c4 c6 3. Nc3 Nf6 4. e3 e6 5. Nf3 Nbd7 6. Bd3 dxc4 7. Bxc4 b5 8. Be2 Bb7 9. 0-0 a6 10. e4 c5 11. e5 Ne4 12. Nxe4 Bxe4 13. Ng5 Bd5 14. Bh5 g6 15. Bf3 h6 16. Ne4 cxd4 17. Qxd4 Bg7 18. Nd6+ Ke7 19. Qb4 Kf8 20. Bxd5 exd5 21. Nf5+ Kg8 22. Nxg7 Kxg7 23. Qd4 Nf8 24. Rd1 Ne6 25. Qxd5 Qxd5 26. Rxd5 Rhd8 27. Rxd8 Rxd8 28. Be3 g5 29. g3 Nd4 30. Bxd4 Rxd4 31. Rc1 Rd2 32. Rc6 a5 33. b4 axb4 34. Rc5 Rxa2 1/2-1/2

[Event "Aragon-chT Honor GrA"]
[Site "Aragon"]
[Date "2015.02.21"]
[Round "5.10"]
[White "Luis Vitalla, Fernando Maria"]
[Black "Dominguez Bujeda, Jesus"]
[Result "1/2-1/2"]
[WhiteElo "2143"]
[BlackElo "2135"]
[PlyCount "114"]
[EventDate "2015.01.24"]
[EventType "team-tourn"]
[EventRounds "7"]
[EventCountry "ESP"]
[SourceTitle "EXT 2017"]
[Source "ChessBase"]
[SourceDate "2016.10.25"]
[SourceVersion "1"]
[SourceVersionDate "2016.10.25"]
[SourceQuality "1"]
[WhiteTeam "Huesca Club Atletismo"]
[BlackTeam "Teruel"]
[WhiteTeamCountry "ESP"]
[BlackTeamCountry "ESP"]

1. d4 d5 2. c4 e6 3. Nc3 Nf6 4. cxd5 exd5 5. Bg5 Be7 6. e3 c6 7. Bd3 0-0 8. Qc2 Nbd7 9. Nge2 Re8 10. 0-0 Nf8 11. f3 Qb6 12. Kh1 h6 13. Na4 Qc7 14. Bh4 Bd6 15. Bf2 Qe7 16. Rae1 Be6 17. Ng3 Qc7 18. Re2 Rad8 19. a3 Bc8 20. b4 a6 21. Rc1 Ne6 22. Nf5 Ng5 23. Nxd6 Qxd6 24. Nc5 Ne6 25. a4 Nxc5 26. Qxc5 Qxc5 27. Rxc5 Nd7 28. Rc1 Nb6 29. b5 axb5 30. axb5 cxb5 31. Bxb5 Bd7 32. Bd3 Rc8 33. Rec2 Rxc2 34. Rxc2 Rc8 35. Rxc8+ Bxc8 36. e4 Kf8 37. Kg1 Bd7 38. Be1 Bc6 39. Bb4+ Ke8 40. Kf2 Nc4 41. exd5 Bxd5 42. Be4 Bxe4 43. fxe4 g6 44. Ke2 Kd7 45. Kd3 Nb6 46. Bf8 h5 47. Bc5 Nc8 48. d5 f6 49. Bd4 Ke7 50. Bc5+ Kd7 51. Bd4 Ke7 52. Bc5+ Ke8 53. Kc4 Kd7 54. Bd4 Nd6+ 55. Kd3 Ke7 56. h4 Ne8 57. Bc5+ Nd6 1/2-1/2

[Event "Aragon-chT Honor Descenso"]
[Site "Aragon"]
[Date "2013.03.23"]
[Round "9.22"]
[White "Luis Vitalla, Fernando Maria"]
[Black "Sacristan Latorre, Alberto"]
[Result "1/2-1/2"]
[WhiteElo "2152"]
[BlackElo "2063"]
[PlyCount "92"]
[EventDate "2013.01.26"]
[EventType "team-tourn"]
[EventRounds "11"]
[EventCountry "ESP"]
[SourceTitle "EXT 2014"]
[Source "ChessBase"]
[SourceDate "2013.11.20"]
[SourceVersion "1"]
[SourceVersionDate "2013.11.20"]
[SourceQuality "1"]
[WhiteTeam "Huesca Club Atletismo"]
[BlackTeam "Ramiro"]
[WhiteTeamCountry "ESP"]
[BlackTeamCountry "ESP"]

1. d4 Nf6 2. c4 g6 3. Nc3 Bg7 4. e4 d6 5. Nf3 0-0 6. Be2 e5 7. d5 Nbd7 8. Bg5 h6 9. Bh4 a5 10. Nd2 Nc5 11. f3 Bd7 12. Nb5 c6 13. Nxd6 Qc7 14. dxc6 Bxc6 15. Nb5 Bxb5 16. cxb5 Rfd8 17. Rc1 Rac8 18. 0-0 h5 19. Bf2 Qe7 20. Be3 Bf8 21. Rc2 Ne8 22. Qe1 Ng7 23. Nc4 Nd3 24. Bxd3 Rxd3 25. Qe2 Rcd8 26. Nb6 Qb4 27. Nd5 Qxb5 28. Rd2 R3xd5 29. Qxb5 Rxb5 30. Rxd8 Rxb2 31. Bc5 Ne6 32. Rxf8+ Nxf8 33. a3 Kg7 34. Rd1 Rb3 35. Rd5 Ne6 36. Bd6 f6 37. Rxa5 Kf7 38. Ra7 Rb6 39. Bb4 Nd4 40. Kf2 Nc6 41. Ra4 Nxb4 42. Rxb4 Rxb4 43. axb4 Ke6 44. Ke3 Kd6 45. Kd3 Kc6 46. Kc4 b5+ 1/2-1/2

[Event "Aragon-chT Honor GrA"]
[Site "Aragon"]
[Date "2013.03.09"]
[Round "7.10"]
[White "Luis Vitalla, Fernando Maria"]
[Black "Glavina, Pablo"]
[Result "0-1"]
[WhiteElo "2152"]
[BlackElo "2445"]
[PlyCount "62"]
[EventDate "2013.01.26"]
[EventType "team"]
[EventRounds "7"]
[EventCountry "ESP"]
[SourceTitle "EXT 2014"]
[Source "ChessBase"]
[SourceDate "2013.11.20"]
[SourceVersion "1"]
[SourceVersionDate "2013.11.20"]
[SourceQuality "1"]
[WhiteTeam "Huesca Club Atletismo"]
[BlackTeam "St Casablanca"]
[WhiteTeamCountry "ESP"]
[BlackTeamCountry "ESP"]

1. Nf3 d5 2. d4 Nf6 3. c4 e6 4. Nc3 Be7 5. Bf4 0-0 6. e3 Nbd7 7. cxd5 Nxd5 8. Nxd5 exd5 9. Bd3 Bb4+ 10. Nd2 c5 11. 0-0 c4 12. Bf5 Nf6 13. Bxc8 Rxc8 14. a3 Bd6 15. Bxd6 Qxd6 16. Rc1 b5 17. b4 a5 18. bxa5 Qxa3 19. Ra1 Qd3 20. a6 b4 21. a7 Ra8 22. Ra4 Rfc8 23. Rxb4 Rxa7 24. Nf3 Qf5 25. Qb1 Qxb1 26. Rfxb1 g6 27. Kf1 Ne4 28. R1b2 Ra1+ 29. Ke2 Nc3+ 30. Kd2 Na2 31. Rb1 c3+ 0-1

[Event "Aragon-chT Honor GrA"]
[Site "Aragon"]
[Date "2013.02.23"]
[Round "5.6"]
[White "Luis Vitalla, Fernando Maria"]
[Black "Accattato Martin, Mario"]
[Result "0-1"]
[WhiteElo "2152"]
[BlackElo "2174"]
[PlyCount "46"]
[EventDate "2013.01.26"]
[EventType "team"]
[EventRounds "7"]
[EventCountry "ESP"]
[SourceTitle "EXT 2014"]
[Source "ChessBase"]
[SourceDate "2013.11.20"]
[SourceVersion "1"]
[SourceVersionDate "2013.11.20"]
[SourceQuality "1"]
[WhiteTeam "Huesca Club Atletismo"]
[BlackTeam "Casino Jaque"]
[WhiteTeamCountry "ESP"]
[BlackTeamCountry "ESP"]

1. d4 d6 2. c4 e5 3. Nf3 Nd7 4. Nc3 Ngf6 5. Bg5 Be7 6. Qc2 c6 7. e3 a6 8. Bd3 h6 9. Bh4 0-0 10. 0-0 Nh5 11. Bxe7 Qxe7 12. b4 b5 13. Be4 Bb7 14. d5 c5 15. bxc5 Nxc5 16. cxb5 axb5 17. Nxb5 Qd7 18. Bd3 e4 19. Ne5 dxe5 20. Be2 Nd3 21. Nc3 Nf6 22. Bxd3 exd3 23. Qxd3 Ba6 0-1

[Event "Aragon-chT Autonomico"]
[Site "Aragon"]
[Date "2007.04.28"]
[Round "12"]
[White "Luis Vitalla, Fernando Maria"]
[Black "Vera Jimenez, Andres"]
[Result "1/2-1/2"]
[WhiteElo "2203"]
[BlackElo "2038"]
[PlyCount "87"]
[EventDate "2007.01.27"]
[EventType "team-tourn"]
[EventRounds "9"]
[EventCountry "ESP"]
[SourceTitle "EXT 2008"]
[Source "ChessBase"]
[SourceDate "2007.11.25"]
[SourceVersion "1"]
[SourceVersionDate "2007.11.25"]
[SourceQuality "1"]
[WhiteTeam "Huesca Club Atletismo"]
[BlackTeam "Tauste"]
[WhiteTeamCountry "ESP"]
[BlackTeamCountry "ESP"]

1. g3 Nf6 2. Bg2 d5 3. d3 g6 4. Nf3 Bg7 5. 0-0 0-0 6. Nbd2 c6 7. e4 dxe4 8. dxe4 Nbd7 9. Qe2 e5 10. Nc4 Qc7 11. a4 Nh5 12. Bd2 b6 13. Bb4 c5 14. Bc3 Bb7 15. Rfd1 Rad8 16. Nd6 Ba8 17. a5 Bc6 18. Qc4 Nb8 19. axb6 axb6 20. Nb5 Bxb5 21. Qxb5 Nc6 22. Nd2 Nd4 23. Bxd4 Rxd4 24. c3 Qd7 25. Qxd7 Rxd7 26. Nc4 Rxd1+ 27. Rxd1 b5 28. Nd6 Rd8 29. Rd5 Nf6 30. Nb7 Nxd5 31. Nxd8 Nb6 32. Bf1 c4 33. Nc6 Na4 34. Na7 Nxb2 35. Nxb5 Bh6 36. Na3 Bd2 37. Nb1 Be1 38. Be2 Na4 39. Kf1 Bxc3 40. Bxc4 Bd4 41. Ke2 Nc3+ 42. Nxc3 Bxc3 43. Kd3 Bd4 44. Ke2 1/2-1/2

[Event "Aragon-chT Autonomico"]
[Site "Aragon"]
[Date "2007.03.10"]
[Round "7"]
[White "Luis Vitalla, Fernando Maria"]
[Black "Laliena Solanes, Luis M"]
[Result "1/2-1/2"]
[WhiteElo "2203"]
[BlackElo "2175"]
[PlyCount "21"]
[EventDate "2007.01.27"]
[EventType "team-tourn"]
[EventRounds "9"]
[EventCountry "ESP"]
[SourceTitle "EXT 2008"]
[Source "ChessBase"]
[SourceDate "2007.11.25"]
[SourceVersion "1"]
[SourceVersionDate "2007.11.25"]
[SourceQuality "1"]
[WhiteTeam "Huesca Club Atletismo"]
[BlackTeam "Aragon ONCE"]
[WhiteTeamCountry "ESP"]
[BlackTeamCountry "ESP"]

1. Nf3 c5 2. g3 Nc6 3. Bg2 g6 4. d3 Bg7 5. 0-0 e5 6. e4 Nge7 7. Be3 b6 8. Nc3 0-0 9. Nh4 d6 10. f4 Nd4 11. f5 1/2-1/2

[Event "Aragon-chT Autonomico"]
[Site "Aragon"]
[Date "2007.02.17"]
[Round "4"]
[White "Malo Guillen, Jose Luis"]
[Black "Luis Vitalla, Fernando Maria"]
[Result "1-0"]
[WhiteElo "2198"]
[BlackElo "2203"]
[PlyCount "89"]
[EventDate "2007.01.27"]
[EventType "team-tourn"]
[EventRounds "9"]
[EventCountry "ESP"]
[SourceTitle "EXT 2008"]
[Source "ChessBase"]
[SourceDate "2007.11.25"]
[SourceVersion "1"]
[SourceVersionDate "2007.11.25"]
[SourceQuality "1"]
[WhiteTeam "Las Fuentes"]
[BlackTeam "Huesca Club Atletismo"]
[WhiteTeamCountry "ESP"]
[BlackTeamCountry "ESP"]

1. d4 d5 2. c4 c6 3. Nc3 dxc4 4. e4 b5 5. a4 e5 6. Nf3 exd4 7. Qxd4 Qxd4 8. Nxd4 b4 9. Na2 Nf6 10. Bxc4 Bc5 11. Nb3 Bd6 12. e5 Bxe5 13. Nxb4 0-0 14. 0-0 Bd6 15. Nd3 Nbd7 16. a5 Ng4 17. Nd4 Nde5 18. Nxe5 Nxe5 19. Be2 Rb8 20. Rd1 Bc7 21. f4 Ng6 22. Nxc6 Ra8 23. Bf3 Bb7 24. Rd7 Bxc6 25. Bxc6 Rac8 26. Bb7 Bxa5 27. Bxc8 Bb6+ 28. Kf1 Rxc8 29. Rd3 Rc2 30. Be3 h6 31. Rd2 Rxd2 32. Bxd2 Ne7 33. Re1 Nd5 34. Re5 Nf6 35. Be3 Bc7 36. Rc5 Bb6 37. Rc8+ Kh7 38. Bxb6 axb6 39. Rd8 Ng4 40. Ke2 Nxh2 41. Rb8 Kg6 42. Rxb6+ Kf5 43. Rb7 f6 44. Rxg7 Kxf4 45. b4 1-0

[Event "ESP Autonomico-chT"]
[Site "Spain"]
[Date "2006.03.25"]
[Round "8.49"]
[White "Argueso Pascual, Jorge"]
[Black "Luis Vitalla, Fernando Maria"]
[Result "1/2-1/2"]
[WhiteElo "1966"]
[BlackElo "2203"]
[PlyCount "125"]
[EventDate "2006.02.04"]
[EventType "team-tourn"]
[EventRounds "9"]
[EventCountry "ESP"]
[SourceTitle "EXT 2007"]
[Source "ChessBase"]
[SourceDate "2006.11.23"]
[SourceVersion "1"]
[SourceVersionDate "2006.11.23"]
[SourceQuality "1"]

1. d4 d5 2. c4 c6 3. Nf3 Nf6 4. Nc3 dxc4 5. a4 Na6 6. e4 Bg4 7. Be3 e6 8. Bxc4 Nb4 9. Rc1 Be7 10. 0-0 0-0 11. Be2 Qa5 12. h3 Bh5 13. Ne5 Bxe2 14. Qxe2 Rad8 15. Rfd1 Nd7 16. Nxd7 Rxd7 17. Qc4 Rfd8 18. Qb3 Qa6 19. Nb1 c5 20. d5 b6 21. Bd2 Nd3 22. Rc2 exd5 23. exd5 Rxd5 24. Rf1 c4 25. Rxc4 Nxb2 26. Re4 Qb7 27. Qxb2 Bf6 28. Bc3 Rd1 29. Ree1 Bxc3 30. Nxc3 R1d2 31. Re8+ Rxe8 32. Qxd2 h6 33. Nb5 a6 34. Nd6 Qd7 35. Nc4 Qc6 36. Nb2 b5 37. axb5 axb5 38. Qb4 Re4 39. Qb3 Re2 40. Rd1 Qf6 41. Nd3 Qf5 42. Rb1 Rd2 43. Rd1 Re2 44. Rf1 Rd2 45. Ne1 Qc5 46. Nf3 Re2 47. Qd3 Rc2 48. Qe3 Qc4 49. Rb1 b4 50. Nd4 Rc3 51. Qe8+ Kh7 52. Qe4+ Kg8 53. Qa8+ Kh7 54. Qe4+ Kg8 55. Qf4 Kh7 56. Qf5+ Kg8 57. Qe5 Kh7 58. Nf5 f6 59. Qd4 Rc1+ 60. Rxc1 Qxc1+ 61. Kh2 b3 62. Qd3 b2 63. Nh4+ 1/2-1/2

[Event "ESP Autonomico-chT"]
[Site "Spain"]
[Date "2006.03.04"]
[Round "5.49"]
[White "Sanchez Herrera, Miguel"]
[Black "Luis Vitalla, Fernando Maria"]
[Result "1/2-1/2"]
[WhiteElo "2210"]
[BlackElo "2203"]
[PlyCount "118"]
[EventDate "2006.02.04"]
[EventType "team-tourn"]
[EventRounds "9"]
[EventCountry "ESP"]
[SourceTitle "EXT 2007"]
[Source "ChessBase"]
[SourceDate "2006.11.23"]
[SourceVersion "1"]
[SourceVersionDate "2006.11.23"]
[SourceQuality "1"]

1. d4 d5 2. Nf3 Nf6 3. e3 c5 4. c3 e6 5. Bd3 Nbd7 6. 0-0 Be7 7. Nbd2 0-0 8. Qe2 Qc7 9. e4 dxe4 10. Nxe4 Nxe4 11. Bxe4 Nf6 12. Bc2 cxd4 13. Nxd4 b6 14. Re1 Bb7 15. Bg5 Bd5 16. Nf5 Bd8 17. Ne3 Bb7 18. Rad1 Ne4 19. Bxd8 Raxd8 20. Ng4 Qc6 21. Rxd8 Rxd8 22. Ne5 Qd5 23. Nf3 Ng5 24. Rd1 Nxf3+ 25. Qxf3 Qxd1+ 26. Qxd1 Rxd1+ 27. Bxd1 Kf8 28. f3 Ke7 29. Kf2 Kd6 30. Ke3 e5 31. g3 f5 32. Bc2 Ke6 33. f4 Kf6 34. g4 exf4+ 35. Kxf4 g5+ 36. Ke3 f4+ 37. Kd4 Bf3 38. Bxh7 Bxg4 39. Bd3 Be6 40. a3 g4 41. Bf1 Kg5 42. Ke5 Bc8 43. b4 g3 44. hxg3 fxg3 45. Bg2 Kh4 46. Kf4 Bh3 47. Bf3 b5 48. Ke3 Kg5 49. Be2 Bd7 50. c4 bxc4 51. Bxc4 Bc6 52. b5 Bb7 53. a4 Kf5 54. a5 Ke5 55. Be2 Bd5 56. b6 axb6 57. axb6 Kd6 58. Bf3 g2 59. Bxg2 Bxg2 1/2-1/2

[Event "ESP Autonomico-chT"]
[Site "Spain"]
[Date "2006.02.18"]
[Round "3.53"]
[White "Luis Vitalla, Fernando Maria"]
[Black "Gracia Suarez, Jesus"]
[Result "1/2-1/2"]
[WhiteElo "2203"]
[BlackElo "2111"]
[PlyCount "39"]
[EventDate "2006.02.04"]
[EventType "team-tourn"]
[EventRounds "9"]
[EventCountry "ESP"]
[SourceTitle "EXT 2007"]
[Source "ChessBase"]
[SourceDate "2006.11.23"]
[SourceVersion "1"]
[SourceVersionDate "2006.11.23"]
[SourceQuality "1"]

1. d4 d5 2. c4 c6 3. Nf3 Nf6 4. Nc3 g6 5. g3 Bg7 6. Bg2 0-0 7. cxd5 cxd5 8. Ne5 Nc6 9. f4 Ne4 10. Nxe4 dxe4 11. Bxe4 Qxd4 12. Bxc6 Qxd1+ 13. Kxd1 Rd8+ 14. Ke1 bxc6 15. Be3 Bxe5 16. fxe5 Be6 17. Kf2 Rd5 18. Rhc1 Rb5 19. b3 Bd5 20. Rc5 1/2-1/2

[Event "Aragon-chT"]
[Site "Spain"]
[Date "2004.??.??"]
[Round "?"]
[White "Luis Vitalla, Fernando Maria"]
[Black "Palacios Latasa, Elias"]
[Result "1-0"]
[WhiteElo "2180"]
[BlackElo "2248"]
[PlyCount "63"]
[EventDate "2004.01.??"]
[EventType "team-tourn"]
[EventRounds "11"]
[EventCountry "ESP"]
[SourceTitle "EXT 2006"]
[Source "ChessBase"]
[SourceDate "2005.11.24"]
[SourceVersion "1"]
[SourceVersionDate "2005.11.24"]
[SourceQuality "1"]

1. d4 Nf6 2. Nf3 e6 3. c4 Bb4+ 4. Nbd2 d5 5. Qa4+ Nc6 6. a3 Be7 7. e3 0-0 8. Bd3 Re8 9. Qc2 Bd6 10. c5 Bf8 11. Ne5 Nxe5 12. dxe5 Nd7 13. Bxh7+ Kh8 14. Nf3 Bxc5 15. h4 Nf8 16. Ng5 Qe7 17. Rh3 f5 18. exf6 gxf6 19. Bg6 fxg5 20. hxg5+ Kg7 21. Bxe8 e5 22. Rf3 Be6 23. Bh5 e4 24. Rf6 Bd6 25. Bd2 Be5 26. Bb4 Qd7 27. Rh6 c5 28. Bc3 Qd6 29. 0-0-0 Rc8 30. Qxe4 d4 31. f4 Qc7 32. exd4 1-0